00555nam a2200169Ia 450000500170000000800410001702000150005808200150007310000280008824500500011626000780016630000130024465000100025794200060026795200970027399900150037020240418022527.0240331s9999 xx 000 0 und d a8185575053 bDHIa331.4 aDhillon, Kaur Paramjeet 0aWomen entrepreneurs :bproblems and Prospects aNew Delhi ;bR. Gangadharan for Blaze Publishers & Distributors Pvtc1991 a223 p ., aWomen cL 001040708LaWERCLbWERCLcSSCd2024-03-31l0o 331.4 DHIp1568r2024-03-31w2024-03-31yL c2593d2593